20 titres les plus écoutés de Rammstein - Statistiques

Statistiques générales
  • Ce quiz a été pris 53 fois
  • Le résultat moyen est 10 sur 20
Statistiques - réponses
Nb. d'écoutes Album % Correct
+ 794 000 000 Sehnsucht Du hast
89%
+ 116 000 000 Mutter Mutter
80%
+ 792 000 000 Mutter Sonne
80%
+ 290 000 000 Reise, Reise Amerika
66%
+ 140 000 000 Rosenrot Rosenrot
66%
+ 636 000 000 Rammstein Deutschland
61%
+ 316 000 000 Mutter Ich Will
61%
+ 409 000 000 Sehnsucht Engel
57%
+ 242 000 000 Rammstein Radio
52%
+ 170 000 000 Mutter Links 2 3 4
48%
+ 139 000 000 Reise, Reise Mein Teil
48%
+ 166 000 000 Zeit Dicke Titten
45%
+ 322 000 000 Mutter Feuer Frei!
43%
+ 136 000 000 Reise, Reise Ohne Dich
43%
+ 273 000 000 Rammstein Ausländer
39%
+ 265 000 000 Mutter Mein Herz brennt
39%
+ 122 000 000 Zeit Angst
34%
+ 160 000 000 Herzeleid Du riechst so gut
32%
+ 132 000 000 Liebe ist für alle da Ich tu dir weh
23%
+ 124 000 000 Zeit Armee der Tristen
18%
Aucun quiz correspondant
Distribution des résultats
% des personnes avec chaque résultat
Percentile par nombre de réponses
Votre historique - résultats
Vous n’avez pas pris ce quiz